000 00689nam a22001937a 4500
003 OSt
005 20221005151634.0
008 221005b |||||||| |||| 00| 0 eng d
040 _cBiblioteca Lado V
082 _a750
_bST813k
100 _956
_aSteinmetz, Klaus
_ecurador
245 _aKent explora habitart/
_bArte contemporáneo/
260 _aCosta Rica
_aPanama
_aNicaragua
_aGuatemala
_aEl Salvador
_c2003
300 _a58p.
_c28x22cm
650 _2Tesauro de Arte & Arquitectura
_aARTE CONTEMPORANEO
650 _2Tesauro de Arte & Arquitectura
_aARTE CENTROAMERICANO
650 _2Tesauro de Arte & Arquitectura
_aTECNOLIGIA
942 _2ddc
_c1
_h750
_iST813k
_n0
999 _c2168
_d2168